00407cam a22001337a 4500008004000000082002300040245008800063260003000151300001000181650001300191650003200204700001900236700001800255180718b1998 xxu||||| |||| 00| 0 eng d aT19x54 Ag81/98 (R) aIndian economy: statistical yearbook 1998cedited by A.N. Agrawal and Hari Om Varma aNew DelhibNationalc1998 a366p. aYearbook aIndia - Economic conditions aVarma, Hari Om aAgrawal, A.N.